Cultures de France - Statistiques

Statistiques générales
  • Ce quiz a été pris 69 fois
  • Le résultat moyen est 13 sur 50
Statistiques - réponses
Indice Réponse % Correct
Pays avec lequel la France partage le pays basque Espagne
85%
Club de football bleu et noir SC Bastia
79%
Plus grande ville actuelle Ajaccio
77%
Général puis empereur originaire de Corse Napoléon Bonaparte
69%
Plus grande ville Bayonne
67%
Langues de Bretagne Breton
66%
Plat marseillais à base de poisson Bouillabaisse
61%
Forêt arthurienne enchantée qu'on dit bretonne Brocéliande
61%
Célèbre festival de cinéma se deroulant en Provence Festival de Cannes
61%
Jeu de balle Pelote basque
61%
Ancienne capitale, dont l'appartenance à la Bretagne est discutée Nantes
59%
Corse en corse Corsica
54%
Autre auteur et cinéaste d'Aubagne, qui écrit la Provence en français Marcel Pagnol
54%
Bretagne dans une des langues bretonnes Breizh | Bertègn
39%
Pierres dont on trouve à Carnac de fameux alignements Menhirs | Dolmens
39%
Club de football aux couleurs et à l'emblème comtois FC Sochaux-Montbéliard
33%
Animal et emblème breton Hermine
31%
Figurines de Noël, dont la tradition est inscrite à l'Unesco Santons de Provence
31%
Langue dont le provençal est une variété Occitan
30%
Ensemble musical traditionnel Bagad
25%
Fruit dont la farine est protégée par une AOC européenne Châtaigne
23%
Pays dont il proclame la Corse indépendante en 1755 République de Gênes
21%
Date du rattachement définitif à la France 1769
18%
Gallo
18%
Célèbre nationaliste du XVIIIème siècle Pascal Paoli
18%
Provence en provençal Provença | Prouvènço
18%
Capitale de l'éphémère République Corse Corte
16%
Capitale traditionnelle, qui perd son statut en 1678 Dole
16%
Langue basque en basque Euskara
15%
Auteur en langue provençale au prix Nobel de littérature Frédéric Mistral
15%
Acteur emblématique des films provençaux des années 30 Raimu
11%
Pratique inscrite au patrimoine mondial immatériel Fêtes de Bayonne
8%
Francoprovençal
8%
Nom du drapeau breton Gwenn-ha-Du
8%
Animal folklorique hantant les alentours de Tarascon Tarasque
8%
Soule
7%
Basse-Navarre
5%
Provinces historiques basques du nord Labourd
5%
Date du rattachement définitif à la France 1532
3%
L'un des tout premiers films de l'Histoire, tourné en Provence L'Arrivée d'un train en gare de La Ciotat
3%
Animal mythique proche du dragon Vouivre
3%
Date du rattachement définitif à la France 1678
2%
Déesse-mère de la mythologie basque Mari
2%
Date du rattachement définitif à la France 1659
0%
Ancienne cité romaine Aléria
0%
Langues traditionnelles de Franche-Comté Frainc-Comtou
0%
Franche-Comté dans une de ses langues traditionnelles Fraintche-Comtè | Franche-Comtât
0%
Personnage emblématique de la résistance à l'annexion Lacuzon
0%
Humoriste reprenant le fort accent du Haut-Doubs La Madeleine de Proust
0%
Peuple gaulois présent dans l'actuelle Franche-Comté Séquanes
0%
Aucun quiz correspondant
Distribution des résultats
% des personnes avec chaque résultat
Percentile par nombre de réponses
Votre historique - résultats
Vous n’avez pas pris ce quiz